Electricity and electronics : volume 7

Bibliographic Details
Main Author: Marks, Paul
Format: Book
Published: NY : Oxford University Press , 2002
Series:The young Oxford library of science
Subjects:

MARC

LEADER 00000cam a2200000 7i4500
001 0000038609
005 20151222.0
008 131118
020 |a 0195219066 
090 0 0 |a SC   |b ENG 
100 1 |a Marks, Paul 
245 1 0 |a Electricity and electronics :   |b volume 7   |c Paul Marks 
260 |a NY :   |b Oxford University Press ,   |c 2002 
440 |a The young Oxford library of science 
500 |a Children ages 10-12 years old (pink) 
650 0 |a Electricity and electronics   |x Juvenile literature 
999 |a 0001249250   |b Book   |c Adult Collection   |e Perbadanan Perpustakaan Awam Johor